000 00246nam a2200097Ia 4500
001 1206048
005 20251009124936.0
008 250824s9999 xx 000 0 und d
245 0 _aİSTANBUL HATIRASI
_cAHMET ÜMİT
260 _bEVEREST YAYINLARI
999 _c1206048
_d1206048